Comparison between Atlantic and Pacific tropical marine coastal ecosystems: community structure, ecological processes and productivity
Guardat en:
| Autor principal: | |
|---|---|
| Format: | Llibre |
| Idioma: | anglès |
| Publicat: |
París
UNESCO-COMAR
1987
|
| Col·lecció: | Unesco Reports in Marine Science, 46
|
| Matèries: | |
| Etiquetes: |
Afegir etiqueta
Sense etiquetes, Sigues el primer a etiquetar aquest registre!
|
MARC
| LEADER | 00000nam a2200000 a 4500 | ||
|---|---|---|---|
| 001 | UCV3845 | ||
| 003 | CL-VaPUC | ||
| 008 | 880929e19870000FR |||||||||||||||||eng|d | ||
| 082 | 0 | 4 | |a 577.7 |b BIR |2 21 |
| 100 | 0 | |a Birkeland, Charles |e author |9 298234 | |
| 245 | 1 | 0 | |a Comparison between Atlantic and Pacific tropical marine coastal ecosystems: community structure, ecological processes and productivity |
| 300 | |a 262 p | ||
| 942 | |c BK | ||
| 945 | |d 19880929 00:00:00 | ||
| 260 | |a París |b UNESCO-COMAR |c 1987 | ||
| 650 | 0 | |a Ecología marina |9 259946 | |
| 650 | 7 | |a OCEANO ATLANTICO |2 CL-VaPUC |9 259947 | |
| 650 | 0 | |a Océano pacífico |9 259948 | |
| 583 | |a last modification |c 19880929 00:00:00 |k Rodrigo Vera | ||
| 490 | 0 | |a Unesco Reports in Marine Science, 46 | |
| 999 | |c 210964 |d 210962 | ||
| 952 | |0 0 |1 2 |4 0 |6 577_700000000000000_BIR_1987 |7 0 |8 A |9 188129 |a BIBRNT |b BIBRNT |d 2019-11-14 |i 2556006 |o 577.7 BIR 1987 |p 2556006 |r 2019-11-14 |w 2019-11-14 |y BK |k CIM | ||